| 000 | 00710nam a2200253Ia 4500 | ||
|---|---|---|---|
| 003 | OSt | ||
| 005 | 20221005081426.0 | ||
| 006 | a|||||r|||| 00| 0 | ||
| 007 | ta | ||
| 008 | 221004b |||||||| |||| 00| 0 eng d | ||
| 020 | _cIndian Rupees 650 | ||
| 024 | _a68934 | ||
| 037 |
_bGift, 23/08/2021, _cTextual |
||
| 040 |
_aCRL _cCRL _beng |
||
| 041 |
_2eng _aeng |
||
| 082 | _aV2,31wP, Q8 | ||
| 100 |
_aRajya Sabha Au. _9611075 |
||
| 245 | 0 | _aRajya Sabha who's who 2018 | |
| 260 |
_aNew Delhi _bRajya Sabha Secretariat India _c2018 |
||
| 300 |
_axxiii,577p. _ccm. |
||
| 650 | _aHISTORY | ||
| 942 |
_hV2,31wP, Q8 _cTEXL _2cc |
||
| 999 |
_c987690 _d987690 |
||